MBA Admission for smarties (Record no. 591261)
[ view plain ]
| 000 -LEADER | |
|---|---|
| fixed length control field | 00510nam a22001697a 4500 |
| 003 - CONTROL NUMBER IDENTIFIER | |
| control field | NUST |
| 005 - DATE AND TIME OF LATEST TRANSACTION | |
| control field | 20220822150839.0 |
| 008 - FIXED-LENGTH DATA ELEMENTS--GENERAL INFORMATION | |
| fixed length control field | 220822b ||||| |||| 00| 0 eng d |
| 020 ## - INTERNATIONAL STANDARD BOOK NUMBER | |
| International Standard Book Number | 9781466294981 |
| 038 ## - RECORD CONTENT LICENSOR | |
| Staff Name | Azhar |
| 082 ## - DEWEY DECIMAL CLASSIFICATION NUMBER | |
| Classification number | 658.0071 |
| Author Mark | ABR |
| 100 ## - MAIN ENTRY--PERSONAL NAME | |
| Personal name | Linda Abraham and Judy Gruen |
| 9 (RLIN) | 98322 |
| 245 ## - TITLE STATEMENT | |
| Title | MBA Admission for smarties |
| Remainder of title | the no-nonsense guide to acceptance at top business schools |
| Statement of responsibility, etc. | Linda Abraham and Judy Gruen |
| 260 ## - PUBLICATION, DISTRIBUTION, ETC. | |
| Place of publication, distribution, etc. | California |
| Name of publisher, distributor, etc. | Accepted |
| Date of publication, distribution, etc. | - |
| 300 ## - PHYSICAL DESCRIPTION | |
| Extent | 180p |
| 942 ## - ADDED ENTRY ELEMENTS (KOHA) | |
| Source of classification or shelving scheme | |
| Koha item type | Lincoln Corner |
| Withdrawn status | Lost status | Source of classification or shelving scheme | Damaged status | Not for loan | Permanent Location | Current Location | Shelving location | Date acquired | Full call number | Barcode | Date last seen | Price effective from | Koha item type |
|---|---|---|---|---|---|---|---|---|---|---|---|---|---|
| Central Library (CL) | Central Library (CL) | Lincoln Corner | 08/22/2022 | 658.0071 ABR | LC-150 | 08/22/2022 | 08/22/2022 | Reference |
